Loading...
| Current Events | 1 | 20.00 | 100% | 100% | 0% |
| Fine Arts - Classical Music | 6 | 11.67 | 83% | 17% | 17% |
| Fine Arts - Other | 5 | 22.00 | 100% | 80% | 40% |
| Fine Arts - Painting and Sculpture | 8 | 21.25 | 100% | 88% | 25% |
| Geography | 1 | 10.00 | 100% | 0% | 0% |
| History - American | 9 | 21.11 | 100% | 100% | 11% |
| History - European | 6 | 18.33 | 100% | 67% | 17% |
| History - Other | 8 | 15.00 | 88% | 63% | 0% |
| History - World | 5 | 16.00 | 80% | 60% | 20% |
| Literature - American | 7 | 22.86 | 100% | 100% | 29% |
| Literature - British | 7 | 18.57 | 100% | 71% | 14% |
| Literature - European | 6 | 20.00 | 100% | 67% | 33% |
| Literature - World | 7 | 18.57 | 100% | 71% | 14% |
| Mythology | 5 | 14.00 | 100% | 20% | 20% |
| Other Academic | 3 | 20.00 | 100% | 67% | 33% |
| Philosophy | 3 | 26.67 | 100% | 100% | 67% |
| Pop Culture | 3 | 16.67 | 100% | 67% | 0% |
| Religion | 5 | 18.00 | 100% | 80% | 0% |
| Science - Biology | 4 | 12.50 | 100% | 25% | 0% |
| Science - Chemistry | 8 | 15.00 | 88% | 63% | 0% |
| Science - Other | 3 | 10.00 | 100% | 0% | 0% |
| Science - Physics | 4 | 12.50 | 100% | 25% | 0% |
| Social Science | 7 | 17.14 | 100% | 57% | 14% |